|
|
|
|
| LEADER |
00918nam a2200241 a 4500 |
| 001 |
GR-Patra15575 |
| 008 |
030702s2001 nju e b 001 0 eng d |
| 020 |
|
|
|a 0130309842
|
| 040 |
|
|
|a GrPaTEI
|b gre
|c GR-PaULI
|
| 040 |
|
|
|a GrPaTEI
|b gre
|c GR-PaULI
|
| 082 |
|
0 |
|a 658.5
|2 21
|
| 100 |
1 |
|
|a Heizer, Jay
|
| 245 |
1 |
0 |
|a Operations management /
|c Jay Heizer, Bary Render.
|
| 250 |
|
|
|a 6th ed.
|
| 260 |
|
|
|a Upper Saddle River :
|b Prentice Hall,
|c c2001
|
| 300 |
|
|
|a [various pagings]
|a 1 Cd Rom
|
| 504 |
|
|
|a Περιλαμβάνει βιβλιογραφίες και ευρετήριο.
|
| 650 |
|
0 |
|a Production management
|
| 700 |
1 |
|
|a Render, Barry
|
| 942 |
|
|
|2 ddc
|
| 952 |
|
|
|0 0
|1 0
|2 ddc
|4 0
|6 658_500000000000000_HEI
|7 0
|9 294757
|a LISK
|b LISK
|c BSC
|d 2021-01-17
|e 24
|f 0
|g 0.00
|l 0
|o 658.5 HEI
|p 92410020926
|r 2021-01-17 00:00:00
|t 1
|w 2021-01-17
|y BK15
|x 20030702 0 1
|x GrPaTEI
|
| 971 |
|
|
|a .b26630904
|b 15-04-20
|c 23-09-16
|
| 999 |
|
|
|c 172048
|d 172048
|